Cien lecciones de historia sagrada

Сохранить в:
Библиографические подробности
Главный автор: Scavia, Juan (Автор)
Формат:
Язык:испанский
Опубликовано: Rosario Apis 1920
Предметы:
Метки: Добавить метку
Нет меток, Требуется 1-ая метка записи!

MARC

LEADER 00000nam a2200000 a 4500
001 UCX9464
003 CL-VaPUC
008 940607e19200000AG |||||||||||||||||spa|d
082 0 4 |a 220.95  |b SCA  |2 21 
100 0 |a Scavia, Juan  |e author  |9 326864 
245 1 0 |a Cien lecciones de historia sagrada 
300 |a 171 p 
942 |c BK 
945 |d 19940607 00:00:00  |a aalvarez 
260 |a Rosario  |b Apis  |c 1920 
650 0 |a Biblia  |9 257603 
650 7 |a HISTORIA SAGRADA  |2 CL-VaPUC  |9 326822 
650 0 |a Relatos bíblicos  |9 314345 
583 |a last modification  |c 20170628 12:03:44  |k Rodrigo Vera 
999 |c 228693  |d 228691 
952 |0 0  |1 0  |4 0  |6 220_950000000000000_SCA_1920  |7 0  |8 P  |9 229053  |a BIBTEO  |b BIBTES  |c TEO_FTES  |d 2019-11-15  |i 2982609  |o 220.95 SCA 1920  |p 2982609  |r 2024-01-18  |w 2019-11-15  |y BK  |k ICR